The permaculture earthworks handbook : (Record no. 217647)
[ view plain ]
| 000 -CABECERA | |
|---|---|
| campo de control de longitud fija | 00777 a2200205 4500 |
| 003 - IDENTIFICADOR DEL NÚMERO DE CONTROL | |
| campo de control | OSt |
| 005 - FECHA Y HORA DE LA ÚLTIMA TRANSACCIÓN | |
| campo de control | 20230502092648.0 |
| 008 - DATOS DE LONGITUD FIJA--INFORMACIÓN GENERAL | |
| campo de control de longitud fija | 230420s2017 ca a|||| |||| 001 0 eng d |
| 020 ## - NÚMERO INTERNACIONAL ESTÁNDAR DEL LIBRO | |
| Número Internacional Estándar del Libro | 9780865718449 |
| 040 ## - FUENTE DE LA CATALOGACIÓN | |
| Centro/agencia transcriptor | CHAP |
| 082 00 - NÚMERO DE LA CLASIFICACIÓN DECIMAL DEWEY | |
| Número de clasificación | 628.13 |
| Número de documento/Ítem | B26 |
| Número de edición | 22 |
| 100 0# - ENTRADA PRINCIPAL--NOMBRE DE PERSONA | |
| 9 (RLIN) | 10246 |
| Nombre de persona | Barnes, Douglas |
| Término indicativo de función/relación | Autor |
| 245 #4 - MENCIÓN DE TÍTULO | |
| Título | The permaculture earthworks handbook : |
| Resto del título | how to design and build swales, dams, ponds, and other water harvesting systems / |
| Mención de responsabilidad, etc. | Por Douglas Barnes |
| 264 #1 - PRODUCCIÓN, PUBLICACIÓN, DISTRIBUCIÓN, FABRICACIÓN Y COPYRIGHT | |
| Producción, publicación, distribución, fabricación y copyright | Canada : |
| Nombre del de productor, editor, distribuidor, fabricante | New Society Publishers, |
| Fecha de producción, publicación, distribución, fabricación o copyright | 2017. |
| 300 ## - DESCRIPCIÓN FÍSICA | |
| Extensión | 177 páginas |
| Otras características físicas | Figuras, ilustraciones y tablas |
| 650 #4 - PUNTO DE ACCESO ADICIONAL DE MATERIA--TÉRMINO DE MATERIA | |
| 9 (RLIN) | 143494 |
| Término de materia o nombre geográfico como elemento de entrada | Sistemas de captación |
| 650 #4 - PUNTO DE ACCESO ADICIONAL DE MATERIA--TÉRMINO DE MATERIA | |
| 9 (RLIN) | 143453 |
| Término de materia o nombre geográfico como elemento de entrada | Estanques |
| Subdivisión general | Construcción |
| -- | Conservación |
| 650 #4 - PUNTO DE ACCESO ADICIONAL DE MATERIA--TÉRMINO DE MATERIA | |
| 9 (RLIN) | 175574 |
| Término de materia o nombre geográfico como elemento de entrada | Diseño de sistemas de captación de agua de lluvia |
| 942 ## - ELEMENTOS DE PUNTO DE ACCESO ADICIONAL (KOHA) | |
| Fuente del sistema de clasificación o colocación | Dewey Decimal Classification |
| Tipo de ítem Koha | Libro |
| Estado de retiro | Estado de pérdida | Fuente del sistema de clasificación o colocación | Estado dañado | Restricciones de uso | No para préstamo | Código de colección | Localización permanente | Ubicación/localización actual | Ubicación en estantería | Fecha de adquisición | Total de préstamos | Signatura topográfica completa | Código de barras | Fecha visto por última vez | Precio válido a partir de | Tipo de ítem Koha | Número de copia |
|---|---|---|---|---|---|---|---|---|---|---|---|---|---|---|---|---|---|
| Dewey Decimal Classification | Préstamo 15 días | General | Biblioteca Central | Biblioteca Central | Planta principal - Colección General | 26/04/2023 | 628.13 B26 | 33724002572835 | 26/04/2023 | 26/04/2023 | Libro | ||||||
| Dewey Decimal Classification | Préstamo 15 días | General | Biblioteca Central | Biblioteca Central | Planta principal - Colección General | 26/04/2023 | 628.13 B26 | 33724002573587 | 26/04/2023 | 26/04/2023 | Libro | c.2 |
